00350pam a2200133a 44500008004100000020002700041082001500068100001600083245003800099250002100137260002800158300001100186700001900197230405s2014 xxu||||| |||| 00| 0 eng d a9789382428329cRs. 350 a618.2bBAB aBabu, Molly aClinical Case Record for Midwives a2nd Ed. RP. 2014 aDelhibKumar Pub.c2014 a380 p. aGusain, Shobha